Fractured Prune Donuts Quiz Stats

 Plays Quiz not verified by Sporcle

Score 0/20 Timer 08:00
0 Plays Today
Description Donut % Correct
Raspberry Glaze/Mini Chip/CoconutBlack Forest
80%
Lemon Glaze/SugarLemonade
80%
Banana Glaze/Nuts/Cinnamon & SugarBanana Nut Bread
60%
Blueberry Glaze/Powdered SugarBlueberry Hill
60%
Honey Glaze/Rainbow SprinklesCarnival
60%
Cherry Glaze/Mini ChipsChocolate Covered Cherry
60%
Orange Glaze/Powdered SugarCreamsicle
60%
Maple Glaze/Cinnamon & SugarFrench Toast
60%
Mocha Glaze/Oreo CrumbsMorning Buzz
60%
Mixed Berry Glaze/CinnamonMs. Prunella
60%
Description Donut % Correct
Plane cake donutPlain Jane
60%
Honey Glaze/Cinnamon & SugarO.C Sand
60%
Strawberry Glaze/Graham Cracker/Powdered SugarStrawberry Shortcake
60%
Honey Glaze/cinnamon sugar/mini chipsPebble Beach
40%
Mint Glaze/Mini ChipsPeppermint Patty
40%
Chocolate Glaze/Nuts/JimmiesMyrna Medley
20%
Peanut Butter Glaze/Mini ChipsReese Cup
20%
Caramel Glaze/Mini Chips Rolo
20%
Honey Glaze/Nuts/Mini ChipsSundae
20%
Banana Glaze/Nuts/Coconut/JimmiesTrail Mix
20%

You're not logged in!

Compare scores with friends on all Sporcle quizzes.
OR
Log In

Show Comments

Extras

Created Nov 12, 2010SourceReportNominate
Tags:banana

Top Quizzes Today


Score Distribution

Your Account Isn't Verified!

In order to create a playlist on Sporcle, you need to verify the email address you used during registration. Go to your Sporcle Settings to finish the process.

Report this User

Report this user for behavior that violates our Community Guidelines.

Details: